000 02513nam a2200373 i 4500
001 000027194
003 DO-SdBNP
005 20250722111629.0
007 ta
008 110330s1992 dr c 000 0 spa d
040 _aDO-SdBNP
_bspa
_cBNPHU
_erda
041 _aspa
049 _aBNPD
082 4 _a370.98
_bA333i
_222
100 _aAlbert Batista, Celsa,
_d1942-
_eautor
_4aut.
_930639
245 1 4 _aLas ideas educativas de José Martí /
_cCelsa Albert Batista ; presentación, Rvdo. Padre Dr. Ramón Alonzo ; prólogo, María Filomena González Canalda.
250 _aPrimera edición
264 4 _aSanto Domingo, República Dominicana :
_bUniversidad Católica Santo Domingo,
_c©1992.
300 _a193 páginas :
_bilustraciones, retratos ;
_c21 cm.
336 _atexto
_btxt
_2rdacontent
337 _asin mediación
_bn
_2rdamedia
338 _avolumen
_bnc
_2rdacarrier
500 _aIncluye referencias bibliográficas y notas al pie de las páginas.
504 _aBibliografía: páginas 187-193
505 _aPresentación / Ramón Alonzo, 7.-- Prólogo / María Filomena González Canalda, 9.-- Introducción, 11.-- José Martí y su tiempo, 15.-- Presentación de José Martí, 15.-- Relación de Martí con los acontecimientos de su época, 17.-- Fuentes del pensamiento político y educativo de Martí, 31.-- El proyecto político de José Martí, 47.-- Conceptos de educación de José Martí. Concepto general de educación, 61.-- Educación científica, técnica y humanística, 66.-- La educación primaria, secundaria y superior, 75.-- La educación para el campesino y el indígena, 90.-- La educación para el campesino, 90.-- La educación para el indígena, 95.-- La educación para la mujer, 102.-- La educación especial y la educación física, 114.-- La educación especial, 114.-- La educación física, 118.-- La educación de adultos, 122.-- La educación para nuestra América, 131.-- Del maestro a los maestros, 146.-- La educación integral, 155.-- Antecedentes, 155.-- Educación integral, 165.-- A manera de conclusión, 181.-- Bibliografía, 187.
590 _aInventariado, 2018/VM
600 1 4 _aMartí, José,
_d1853-1895
_9645
650 4 _aFilosofía de la educación
_zAmérica Latina
_954255
700 1 _aGonzález Canalda, María Filomena,
_eprologuista
_4pr.
_940799
700 1 _aAlonzo, Ramón,
_epresentador
_4pr.
_988361
710 2 _aUniversidad Católica Santo Domingo,
_91478
910 _aValidado. Control de calidad. MMOLINA
942 _2ddc
_cLBS1
999 _c26686
_d26686